|
|
|
|
| LEADER |
00000nam2a2200000 4500 |
| 001 |
356026 |
| 005 |
20231102010844.0 |
| 035 |
|
|
|a (RuTPU)RU\TPU\retro\13286
|
| 035 |
|
|
|a RU\TPU\retro\13021
|
| 090 |
|
|
|a 356026
|
| 100 |
|
|
|a 20200714d1963 k y0rusy50 ca
|
| 101 |
0 |
|
|a rus
|
| 102 |
|
|
|a RU
|
| 105 |
|
|
|a a z 001zy
|
| 200 |
0 |
|
|a Вып. 40 : Исследования в области процессов и аппаратов
|e [сборник]
|f под ред. Т. И. Мельниковой
|
| 210 |
|
|
|d 1963
|
| 215 |
|
|
|a 190 с.
|c ил.
|
| 320 |
|
|
|a Библиогр. в конце ст.
|
| 461 |
|
1 |
|0 (RuTPU)RU\TPU\book\349137
|t Труды Московского химико-технологического института им. Д. И. Менделеева
|f Московский химико-технологический институт им. Д. И. Менделеева (МХТИ)
|v Вып. 40 : Исследования в области процессов и аппаратов
|d 1932-1989
|
| 606 |
1 |
|
|a Химическая технология
|x Процессы
|2 stltpush
|3 (RuTPU)RU\TPU\subj\31251
|9 54153
|
| 610 |
1 |
|
|a колонны
|
| 610 |
1 |
|
|a аппараты
|
| 610 |
1 |
|
|a абсорбция
|
| 610 |
1 |
|
|a моделирование
|
| 610 |
1 |
|
|a кинетика
|
| 610 |
1 |
|
|a разделение
|
| 610 |
1 |
|
|a массопередача
|
| 610 |
1 |
|
|a твердые тела
|
| 610 |
1 |
|
|a испарения
|
| 675 |
|
|
|a 66.021
|v 4
|
| 702 |
|
1 |
|a Мельникова
|b Т. И.
|4 340
|
| 801 |
|
1 |
|a RU
|b 63413507
|c 20161109
|
| 801 |
|
2 |
|a RU
|b 63413507
|c 20200714
|g RCR
|
| 942 |
|
|
|c BK
|